000 00593nam a2200169 a 4500
008 120416s1995 ||||||||||||||||| || u
020 _a0122277414
050 _aT 385 Com
100 _aVince, J. A
245 1 0 _aComputer graphics
_cedited by R. A. Earnshaw
246 _adevelopment in virtual environments
260 _aLondon
_bAcademic Press
_c1995
300 _axiii, 503p. : ill.
350 _a0.00
700 _aEarnshaw, R. A
995 _D0.00
_FCBU-MAIN LIBRARY (Kitwe)
_H1
_I24.95
_M1
_UAVAILABLE
_ZMain Library Open Access Collection
999 _c38228
_d38228